书目信息 |
| 题名: |
果园科学施肥100条
|
|
| 作者: | 高文胜 , 李计国 主编 | |
| 分册: | ||
| 出版信息: | 北京 化学工业出版社 2015.10 |
|
| 页数: | 154页 | |
| 开本: | 21cm | |
| 丛书名: | 绿色农业技术推广丛书 | |
| 单 册: | ||
| 中图分类: | S660.6 | |
| 科图分类: | ||
| 主题词: | 果树--施肥 | |
| 电子资源: | ||
| ISBN: | 978-7-122-25173-2 | |
| 000 | 00958oam2 2200253 450 | |
| 001 | 4613 | |
| 005 | 20181012141631.66 | |
| 010 | @a978-7-122-25173-2@dCNY20.00 | |
| 100 | @a20160109d2015 em y0chiy50 ea | |
| 101 | 0 | @achi |
| 102 | @aCN@b110000 | |
| 105 | @aa z 000yy | |
| 200 | 1 | @a果园科学施肥100条@9guo yuan ke xue shi fei 100 tiao@f高文胜,李计国主编 |
| 210 | @a北京@c化学工业出版社@d2015.10 | |
| 215 | @a154页@c照片@d21cm | |
| 225 | 1 | @a绿色农业技术推广丛书@h第一批 |
| 330 | @a本书以果园肥料安全施用技术为主线,针对不同树种果园生产中的实际问题,对果园用肥料种类、施用量、施用时间、施用方式等内容进行详细解读,给广大应用者提供科学施用技术,确保肥料的施用在带给广大果农更多收益的同时,确保消费者食用安全。 | |
| 461 | 0 | @12001 @a绿色农业技术推广丛书 |
| 606 | 0 | @a果树@x施肥 |
| 690 | @aS660.6@v5 | |
| 701 | 0 | @a高文胜@9gao wen sheng@4主编 |
| 701 | 0 | @a李计国@9li ji guo@4主编 |
| 801 | 0 | @aCN@b91MARC@c20160109 |
| 905 | @aMuseLib@dS660.6@e475 | |
| 果园科学施肥100条/高文胜,李计国主编.-北京:化学工业出版社,2015.10 |
| 154页:照片;21cm.-(绿色农业技术推广丛书.第一批) |
| ISBN 978-7-122-25173-2:CNY20.00 |
| 本书以果园肥料安全施用技术为主线,针对不同树种果园生产中的实际问题,对果园用肥料种类、施用量、施用时间、施用方式等内容进行详细解读,给广大应用者提供科学施用技术,确保肥料的施用在带给广大果农更多收益的同时,确保消费者食用安全。 |
| ● |
| 相关链接 |
|
|
|
|
正题名:果园科学施肥100条
索取号:S660.6/475
 
预约/预借
| 序号 | 登录号 | 条形码 | 馆藏地/架位号 | 状态 | 备注 |
| 1 | 1125976 | 211259760 | 第二样本阅览室/ [索取号:S660.6/475] | 在馆 | |
| 2 | 1125977 | 211259779 | 密集书库-生命科学系/ [索取号:S660.6/475] | 在馆 | |
| 3 | 1125978 | 211259788 | 第三借阅区/ [索取号:S660.6/475] | 在馆 | |
| 4 | 1125979 | 211259797 | 第三借阅区/ [索取号:S660.6/475] | 在馆 | |
| 5 | 1125980 | 211259804 | 第三借阅区/ [索取号:S660.6/475] | 在馆 |